LEADER 00915nam0-2200265 --450 001 9910921445003321 005 20250114121101.0 100 $a20250114d1952----kmuy0itay5050 ba 101 0 $aspa 102 $aES 105 $a 001yy 200 1 $aAnalisis de grasas$eMetodos oficiales para los laboratorios dependientes del Ministerio de agricultura 210 $aMadrid$cMinisterio de agricultura$d1952 215 $a74 p.$d22 cm 225 1 $aInstrucciones para servicios y laboratorios$v1 300 $aIn testa al frontespizio: Direccion General de coordinacion, credito y capacitation agraria, publicaciones de la seccion de capacitacion 610 0 $aGrassi$aAnalisi 676 $a665$v23$zita 801 0$aIT$bUNINA$gREICAT$2UNIMARC 901 $aBK 912 $a9910921445003321 952 $aA CHI 919$b03/0148/25$fFAGBC 959 $aFAGBC 996 $aAnalisis de grasas$94307776 997 $aUNINA